[Event "ISR-ch op"]
[Site "Acre"]
[Date "2024.01.25"]
[Round "5"]
[White "Katz, Kiril"]
[Black "Gunders, Elad"]
[Result "1-0"]
[WhiteElo "2031"]
[BlackElo "1792"]
[PlyCount "93"]
[EventDate "2024.01.21"]
[EventType "swiss"]
[EventRounds "9"]
[EventCountry "ISR"]
[SourceTitle "CB05_2024"]
[SourceDate "2024.01.31"]
[SourceVersion "1"]
[SourceVersionDate "2024.01.31"]
[SourceQuality "1"]

1. e4 c5 2. Nf3 e6 3. d4 cxd4 4. Nxd4 Nf6 5. Nc3 Nc6 6. Ndb5 Bc5 7. Bf4 0-0 8. e5 a6 9. exf6 Qxf6 10. Qd2 axb5 11. Bxb5 d5 12. 0-0 h6 13. a3 Ne7 14. Na4 Bd4 15. Bd6 Be5 16. Bc5 Nf5 17. c3 Bd6 18. Bb6 Qh4 19. g3 Qh3 20. f4 h5 21. Qg2 Qg4 22. b3 d4 23. Qf3 Qh3 24. cxd4 g5 25. Rf2 Kh8 26. Bf1 Qg4 27. Qxg4 hxg4 28. fxg5 Bd7 29. Nc5 Bc6 30. Bg2 Bxg2 31. Kxg2 Ne3+ 32. Kg1 Nd5 33. Nxb7 Bxg3 34. hxg3 Nxb6 35. a4 Nd5 36. a5 Ra7 37. Nc5 Rb8 38. a6 Rb6 39. Ra4 Nb4 40. Rxf7 Rxf7 41. a7 Rxa7 42. Rxa7 Nc2 43. g6 Nxd4 44. Rh7+ Kg8 45. Nd7 Rxb3 46. Nf6+ Kf8 47. Rf7# 1-0

[Event "Wch U20 Rapid"]
[Site "Pula"]
[Date "2023.10.11"]
[Round "5"]
[White "Cugia, Filippo"]
[Black "Katz, Kiril"]
[Result "0-1"]
[WhiteElo "1264"]
[BlackElo "2031"]
[PlyCount "53"]
[EventDate "2023.10.10"]
[EventType "swiss (rapid)"]
[EventRounds "11"]
[EventCountry "ITA"]
[SourceTitle "Mega2024 Update 01"]
[Source "Chessbase"]
[SourceDate "2023.11.12"]
[SourceVersion "1"]
[SourceVersionDate "2023.11.12"]
[SourceQuality "1"]

1. e4 c5 2. Nf3 Nc6 3. d4 cxd4 4. Nxd4 Nf6 5. Nc3 e5 6. Ndb5 d6 7. Bg5 a6 8. Na3 b5 9. Nd5 Be7 10. Bxf6 Bxf6 11. c3 0-0 12. Be2 Bg5 13. 0-0 Ne7 14. Nxe7+ Qxe7 15. Nc2 Bb7 16. Bd3 g6 17. Nb4 f5 18. exf5 gxf5 19. Bc2 Kh8 20. Qh5 Qg7 21. g4 Bf3 22. h3 Rf6 23. h4 Bf4 24. Bd1 fxg4 25. Bc2 Rh6 26. Qf5 Rxh4 27. Qf8+ 0-1

[Event "Wch U20 Rapid"]
[Site "Pula"]
[Date "2023.10.11"]
[Round "6"]
[White "Katz, Kiril"]
[Black "Roose, Casimir"]
[Result "1-0"]
[WhiteElo "2031"]
[BlackElo "1776"]
[PlyCount "73"]
[EventDate "2023.10.10"]
[EventType "swiss (rapid)"]
[EventRounds "11"]
[EventCountry "ITA"]
[SourceTitle "Mega2024 Update 01"]
[Source "Chessbase"]
[SourceDate "2023.11.12"]
[SourceVersion "1"]
[SourceVersionDate "2023.11.12"]
[SourceQuality "1"]

1. e4 c5 2. Nf3 e6 3. d4 cxd4 4. Nxd4 Nc6 5. Nc3 Qc7 6. Be3 a6 7. a3 Nf6 8. Qd2 b5 9. Rg1 Ne5 10. h3 Bb7 11. f4 Nc4 12. Bxc4 Qxc4 13. Qd3 d5 14. e5 Ne4 15. Nxe4 dxe4 16. Qxc4 bxc4 17. b4 Be7 18. Kd2 0-0 19. Kc3 Bd5 20. a4 Rab8 21. Rgb1 Rb7 22. b5 axb5 23. axb5 Rfb8 24. Nc6 Bxc6 25. bxc6 Rxb1 26. Rxb1 Rc8 27. Rb6 f5 28. Kxc4 Kf7 29. Kb5 Ke8 30. Rb7 h6 31. c4 Bf8 32. c5 Be7 33. c7 Kf7 34. Kc6 g5 35. Rb8 gxf4 36. Rxc8 fxe3 37. Ra8 1-0

[Event "ISR-ch U20"]
[Site "Ramat Hasharon"]
[Date "2023.08.07"]
[Round "6"]
[White "Katz, Kiril"]
[Black "Gavriely, Or"]
[Result "1/2-1/2"]
[WhiteElo "2039"]
[BlackElo "2152"]
[PlyCount "93"]
[EventDate "2023.08.02"]
[EventType "swiss"]
[EventRounds "9"]
[EventCountry "ISR"]
[SourceTitle "EXT 2024"]
[Source "ChessBase"]
[SourceDate "2023.10.10"]
[SourceVersion "1"]
[SourceVersionDate "2023.10.10"]
[SourceQuality "1"]

1. e4 c6 2. d4 d5 3. e5 Bf5 4. h4 Qb6 5. a4 h6 6. a5 Qc7 7. Ne2 e6 8. Ng3 Bh7 9. Bd3 Bxd3 10. Qxd3 c5 11. c3 cxd4 12. 0-0 dxc3 13. Nxc3 Nc6 14. a6 b6 15. Bf4 Bc5 16. Nb5 Qd7 17. Nh5 Kf8 18. Be3 Be7 19. f4 g6 20. Ng3 Bxh4 21. Rf3 Nge7 22. Nd6 Bxg3 23. Rxg3 Nf5 24. Nxf5 exf5 25. Rd1 Rd8 26. Bc1 Kg7 27. Qd2 Qe6 28. b3 d4 29. Bb2 Rd7 30. Rc1 Rhd8 31. Rd3 Rd5 32. b4 Nb8 33. Rc4 Nxa6 34. Rdxd4 Rxd4 35. Rxd4 Rxd4 36. Qxd4 Nc7 37. g3 Kh7 38. Qd8 Nd5 39. b5 Ne3 40. Qd3 Ng4 41. Bc1 h5 42. Bd2 Qe8 43. Qd5 Kg8 44. Kf1 a6 45. Qc6 Qd8 46. Qd6 Qe8 47. Qc6 1/2-1/2

[Event "ISR-ch U20"]
[Site "Ramat Hasharon"]
[Date "2023.08.06"]
[Round "5"]
[White "Katz, Kiril"]
[Black "Leib, Daniel"]
[Result "1/2-1/2"]
[WhiteElo "2039"]
[BlackElo "1973"]
[PlyCount "130"]
[EventDate "2023.08.02"]
[EventType "swiss"]
[EventRounds "9"]
[EventCountry "ISR"]
[SourceTitle "EXT 2024"]
[Source "ChessBase"]
[SourceDate "2023.10.10"]
[SourceVersion "1"]
[SourceVersionDate "2023.10.10"]
[SourceQuality "1"]

1. e4 c5 2. Nf3 Nc6 3. d4 cxd4 4. Nxd4 Nf6 5. Nc3 e5 6. Ndb5 d6 7. Bg5 a6 8. Na3 b5 9. Nd5 Be7 10. Bxf6 Bxf6 11. c3 Bg5 12. Nc2 Rb8 13. Bd3 0-0 14. h4 Bh6 15. Nce3 Bxe3 16. Nxe3 Be6 17. g3 a5 18. a4 b4 19. Bb5 Na7 20. c4 Qc7 21. 0-0 Nc8 22. Qd3 Ne7 23. Nd5 Bxd5 24. cxd5 f5 25. Rac1 Qa7 26. Qe3 Qxe3 27. fxe3 fxe4 28. Bd7 Rxf1+ 29. Kxf1 Rb7 30. Be6+ Kf8 31. Ke2 b3 32. Kd2 Ke8 33. Rc4 g6 34. g4 h5 35. gxh5 gxh5 36. Kc3 Ng6 37. Rxe4 Nf8 38. Bh3 Nd7 39. Bxd7+ Kxd7 40. Rc4 Rb8 41. Rc6 Rb4 42. Ra6 Rxa4 43. Kxb3 Rxh4 44. Rxa5 Re4 45. Ra7+ Kc8 46. Rh7 Rxe3+ 47. Kc4 Re2 48. b4 Rd2 49. Kb5 Rd4 50. Rxh5 Kd7 51. Rh7+ Kd8 52. Kc6 Rxb4 53. Kxd6 Rb6+ 54. Kxe5 Ra6 55. Rb7 Rg6 56. Ra7 Rh6 57. Kd4 Rg6 58. Kc5 Rh6 59. Rg7 Rf6 60. Rg5 Kd7 61. d6 Rf1 62. Rg7+ Kd8 63. Rg5 Kd7 64. Rg7+ Kd8 65. Rg5 Kc8 1/2-1/2

[Event "ISR-ch U20"]
[Site "Ramat Hasharon"]
[Date "2023.08.06"]
[Round "4"]
[White "Tzidkiya, Yeshaayahu"]
[Black "Katz, Kiril"]
[Result "1-0"]
[WhiteElo "2445"]
[BlackElo "2039"]
[PlyCount "79"]
[EventDate "2023.08.02"]
[EventType "swiss"]
[EventRounds "9"]
[EventCountry "ISR"]
[SourceTitle "EXT 2024"]
[Source "ChessBase"]
[SourceDate "2023.10.10"]
[SourceVersion "1"]
[SourceVersionDate "2023.10.10"]
[SourceQuality "1"]

1. e4 c5 2. Nf3 e6 3. d4 cxd4 4. Nxd4 Nf6 5. Nc3 Nc6 6. Nxc6 bxc6 7. e5 Nd5 8. Ne4 Qc7 9. f4 Qb6 10. a3 f5 11. exf6 Nxf6 12. Nxf6+ gxf6 13. Qh5+ Kd8 14. Bd2 Qxb2 15. Ba5+ Ke7 16. Bb4+ d6 17. Rd1 c5 18. Bb5 Bd7 19. Qxc5 Bxb5 20. Qxb5 Kf7 21. 0-0 a5 22. Qd7+ Be7 23. Rxd6 axb4 24. Rxe6 Rhe8 25. Rfe1 Qa2 26. Rxe7+ Rxe7 27. Qxe7+ Kg8 28. axb4 Qb2 29. h3 Qd4+ 30. Kh1 Qxf4 31. b5 Qf2 32. c4 Kh8 33. Qe3 Qb2 34. Rf1 Ra2 35. Qf3 Kg7 36. c5 Kf7 37. b6 Ra1 38. Rxa1 Qxa1+ 39. Kh2 Qe5+ 40. Qg3 1-0

[Event "Ramat Gan Winter op"]
[Site "Ramat Gan"]
[Date "2023.01.07"]
[Round "1"]
[White "Aizenberg, Benny"]
[Black "Katz, Kiril"]
[Result "1-0"]
[WhiteElo "2348"]
[BlackElo "1991"]
[PlyCount "95"]
[EventDate "2023.01.07"]
[EventType "swiss (rapid)"]
[EventRounds "6"]
[EventCountry "ISR"]
[SourceTitle "CBM 212 Extra"]
[Source "ChessBase"]
[SourceDate "2023.03.31"]
[SourceVersion "1"]
[SourceVersionDate "2023.03.31"]
[SourceQuality "1"]

1. e4 c5 2. Nf3 Nc6 3. Bb5 g6 4. c3 Bg7 5. d4 cxd4 6. cxd4 a6 7. Ba4 b5 8. Bb3 d6 9. 0-0 Nf6 10. e5 dxe5 11. Nxe5 Nxe5 12. dxe5 Qxd1 13. Rxd1 Nd7 14. f4 e6 15. Be3 Bf8 16. Nc3 Bc5 17. Kf2 Bb7 18. Rac1 Rc8 19. g3 g5 20. Bxc5 Rxc5 21. Ke3 Ke7 22. a4 Rhc8 23. axb5 axb5 24. Ra1 Rxc3+ 25. bxc3 Rxc3+ 26. Rd3 gxf4+ 27. gxf4 Rc7 28. Ra7 b4 29. Rd4 Rc3+ 30. Ke2 Bc6 31. Rxb4 Kf8 32. Ba4 Ra3 33. Rxd7 Bxd7 34. Bxd7 Ra2+ 35. Kf3 Rxh2 36. Rb8+ Kg7 37. Be8 Kf8 38. Ba4+ Kg7 39. Rb7 Kf8 40. Kg4 Ra2 41. Bb3 Rb2 42. Kg5 Kg7 43. Bd5 h6+ 44. Kg4 h5+ 45. Kg5 Rxb7 46. Bxb7 f6+ 47. exf6+ Kf7 48. Be4 1-0

[Event "Ramat Gan Shavuot Rapid"]
[Site "Ramat Gan"]
[Date "2022.06.04"]
[Round "6"]
[White "Katz, Kiril"]
[Black "Katkov, Michelle"]
[Result "1-0"]
[WhiteElo "2005"]
[BlackElo "2208"]
[PlyCount "149"]
[EventDate "2022.06.04"]
[EventType "swiss (rapid)"]
[EventRounds "6"]
[EventCountry "ISR"]
[SourceTitle "CBM 208 Extra"]
[Source "ChessBase"]
[SourceDate "2022.07.31"]
[SourceVersion "1"]
[SourceVersionDate "2022.07.31"]
[SourceQuality "1"]

1. e4 e5 2. Nc3 Bc5 3. Bc4 Nf6 4. d3 Nc6 5. h3 Na5 6. Bb3 Nxb3 7. axb3 d5 8. exd5 Nxd5 9. Nxd5 Qxd5 10. Qf3 Qxf3 11. Nxf3 f6 12. Bd2 Be6 13. b4 Be7 14. Bc3 Kf7 15. 0-0 a6 16. Nd2 g5 17. Ne4 h5 18. Nc5 Bd5 19. g3 Rag8 20. Kh2 Bd6 21. Ne4 f5 22. Nxd6+ cxd6 23. Bd2 Bf3 24. Rfe1 h4 25. g4 Kf6 26. gxf5 g4 27. hxg4 Rxg4 28. Rg1 Kxf5 29. Rxg4 Bxg4 30. f3 Bxf3 31. Rf1 e4 32. dxe4+ Kxe4 33. Re1+ Kd5 34. Re3 Bd1 35. Bc3 Rf8 36. Rd3+ Kc6 37. Rxd1 Rf2+ 38. Kh3 Rxc2 39. Kxh4 Rg2 40. Rd3 b6 41. Rg3 Rh2+ 42. Kg4 a5 43. bxa5 bxa5 44. Kf3 a4 45. Ke3 Kc5 46. Kd3 d5 47. Rg4 Rh3+ 48. Kc2 Rh2+ 49. Kb1 a3 50. Bb4+ Kb5 51. Bxa3 Rd2 52. Kc1 Re2 53. Rd4 Kc6 54. Rd2 Re4 55. Kc2 Rg4 56. Kc3 Rc4+ 57. Kd3 Rg4 58. Rc2+ Kd7 59. Rc5 Ke6 60. Rc6+ Kf5 61. Rc8 Ke6 62. Re8+ Kd7 63. Re7+ Kc6 64. Re6+ Kc7 65. Rh6 Ra4 66. Bc5 Rc4 67. b4 Rc1 68. Kd4 Rd1+ 69. Ke5 d4 70. Bxd4 Rb1 71. Bc5 Rb3 72. Kd5 Rb1 73. Rh7+ Kd8 74. Kc6 Re1 75. Rh8+ 1-0

[Event "Ramat Gan Shavuot Rapid"]
[Site "Ramat Gan"]
[Date "2022.06.04"]
[Round "5"]
[White "Katz, Kiril"]
[Black "Zemach, Nadav"]
[Result "1/2-1/2"]
[WhiteElo "2005"]
[BlackElo "2238"]
[PlyCount "191"]
[EventDate "2022.06.04"]
[EventType "swiss (rapid)"]
[EventRounds "6"]
[EventCountry "ISR"]
[SourceTitle "CBM 208 Extra"]
[Source "ChessBase"]
[SourceDate "2022.07.31"]
[SourceVersion "1"]
[SourceVersionDate "2022.07.31"]
[SourceQuality "1"]

1. e4 e5 2. Nc3 Nf6 3. f4 d5 4. fxe5 Nxe4 5. Qf3 f5 6. d3 Nxc3 7. bxc3 d4 8. Bb2 Nc6 9. cxd4 Nxd4 10. Qf2 Bc5 11. Nf3 Nxf3+ 12. Qxf3 Bd4 13. c3 Bxe5 14. d4 Bf6 15. Bc4 Qd6 16. 0-0 c6 17. Rfe1+ Kd8 18. a4 Qd7 19. Be6 Qxe6 20. Rxe6 Bxe6 21. a5 Kd7 22. Ba3 g5 23. Re1 Rhe8 24. Qh5 Bg8 25. Rf1 Ke6 26. Qh3 Kd7 27. Qxf5+ Re6 28. d5 cxd5 29. Qxd5+ Kc7 30. Qb5 a6 31. Qc4+ Rc6 32. Qe4 Re6 33. Qf3 Rd8 34. Rb1 Rc6 35. Qg3+ Kc8 36. Qg4+ Be6 37. Qb4 Rc7 38. Qb6 Bf5 39. Bd6 Rxd6 40. Qxd6 Be7 41. Qd1 Bxb1 42. Qxb1 Bc5+ 43. Kf1 Kb8 44. Qf5 Be3 45. Ke2 Bc1 46. Kd3 Rc6 47. Qxh7 Bb2 48. Qg8+ Ka7 49. c4 Bf6 50. Ke4 Be7 51. Kd5 Rd6+ 52. Ke5 Rc6 53. g3 Bb4 54. Kd4 Bxa5 55. Qxg5 Bb6+ 56. c5 Bc7 57. h4 a5 58. h5 a4 59. h6 a3 60. Qc1 Bxg3 61. Qxa3+ Ra6 62. Qxg3 Rxh6 63. Kc4 Rc6 64. Kb5 Ka8 65. Qg8+ Ka7 66. Qd5 Ra6 67. Qd7 Ka8 68. Qd8+ Ka7 69. Kc4 Rc6 70. Qa5+ Ra6 71. Qb4 Ka8 72. Kd5 Ka7 73. Qd4 Ka8 74. Qe3 Kb8 75. Kc4 Ka8 76. Kb5 Kb8 77. Qd4 Ka8 78. Qe4 Kb8 79. Qe7 Ka8 80. Qc7 Ka7 81. Qd8 Rc6 82. Qd4 Ka8 83. Qa1+ Kb8 84. Qa5 Ra6 85. Qd2 Ka7 86. Qf4 Ka8 87. Kb4 Ka7 88. Qc7 Ka8 89. Kc4 Ka7 90. Kd5 Ka8 91. Qb6 Rxb6 92. cxb6 Kb8 93. Kd6 Kc8 94. Ke7 Kb8 95. Kd7 Ka8 96. Kc8 1/2-1/2

[Event "ISR-ch 40th"]
[Site "Jerusalem"]
[Date "2021.03.12"]
[Round "6"]
[White "Katz, Kiril"]
[Black "Kochavi, Ori"]
[Result "0-1"]
[WhiteElo "1957"]
[BlackElo "2273"]
[PlyCount "104"]
[EventDate "2021.03.07"]
[EventType "swiss"]
[EventRounds "9"]
[EventCountry "ISR"]
[SourceTitle "CBM 201 Extra"]
[Source "ChessBase"]
[SourceDate "2021.05.31"]
[SourceVersion "1"]
[SourceVersionDate "2021.05.31"]
[SourceQuality "1"]

1. e4 c5 2. Nf3 Nc6 3. d4 cxd4 4. Nxd4 Qb6 5. Nb3 e6 6. Be3 Qc7 7. N1d2 Nf6 8. f4 h5 9. h3 g5 10. fxg5 Qg3+ 11. Bf2 Qxg5 12. Qf3 d6 13. 0-0-0 Bd7 14. Kb1 Ne5 15. Qe2 Rc8 16. Bxa7 Qg6 17. Bd4 Bc6 18. Bxe5 dxe5 19. Na5 Bb4 20. Nxc6 bxc6 21. c3 Bc5 22. Qf3 Rd8 23. Bd3 h4 24. Nc4 Rh5 25. Rhf1 Ke7 26. Na5 Rc8 27. Be2 Rg5 28. Qd3 Qxe4 29. Rxf6 Qxd3+ 30. Bxd3 Kxf6 31. Be4 Kg7 32. Rd7 Rg3 33. Bxc6 Bb6 34. Bb7 Rc7 35. Rxc7 Bxc7 36. Nc4 f5 37. a4 e4 38. a5 Rxg2 39. a6 Bb8 40. Ne5 Rg1+ 41. Kc2 Ba7 42. Nc6 Rg2+ 43. Kd1 Bb6 44. b4 Rg3 45. c4 Rxh3 46. c5 Rd3+ 47. Ke2 h3 48. Ne5 h2 49. Nxd3 h1Q 50. Ne1 Qh2+ 51. Kd1 e3 52. Nf3 Qf2 0-1

[Event "ISR-ch 40th"]
[Site "Jerusalem"]
[Date "2021.03.10"]
[Round "4"]
[White "Katz, Kiril"]
[Black "Stolyarsky, Yegor"]
[Result "1-0"]
[WhiteElo "1957"]
[BlackElo "2063"]
[PlyCount "69"]
[EventDate "2021.03.07"]
[EventType "swiss"]
[EventRounds "9"]
[EventCountry "ISR"]
[SourceTitle "CBM 201 Extra"]
[Source "ChessBase"]
[SourceDate "2021.05.31"]
[SourceVersion "1"]
[SourceVersionDate "2021.05.31"]
[SourceQuality "1"]

1. e4 e5 2. Nf3 Nc6 3. Nc3 Nf6 4. Bb5 Bb4 5. 0-0 0-0 6. d3 d6 7. Bg5 Bxc3 8. bxc3 h6 9. Bh4 a6 10. Bxc6 bxc6 11. Qc1 Bg4 12. Qe3 Kh7 13. Rab1 Qd7 14. Bxf6 gxf6 15. Nh4 Rg8 16. f4 Qe6 17. c4 f5 18. fxe5 Qxe5 19. Nxf5 Bxf5 20. Rxf5 Qg7 21. Qf2 f6 22. Rf1 Raf8 23. g3 Rh8 24. Qa7 Kg6 25. Qxa6 c5 26. Qa5 h5 27. Qd2 Rh6 28. Qe2 h4 29. R1f4 Kf7 30. e5 dxe5 31. Qxe5 Kg8 32. Qd5+ Kh8 33. Rh5 hxg3 34. Rfh4 gxh2+ 35. Kxh2 1-0